Statistics for Happy Together by the Turtles - Lyrics

Click here to take the quiz!

General Stats

  • This quiz has been taken 24 times
  • The average score is 184 of 264

Answer Stats

Answer % Correct
you
100%
I
100%
a
100%
me
95%
and
95%
Me
95%
to
91%
happy
91%
The
91%
the
91%
Happy
91%
together
86%
all
82%
For
82%
my
82%
for
82%
see
77%
so
77%
So
77%
it
73%
is
73%
can't
73%
but
68%
How
68%
think
68%
life
68%
no
68%
No
68%
how
68%
When
64%
day
64%
one
64%
night
64%
be
64%
only
64%
loving
59%
Imagine
59%
imagine
59%
It's
59%
do
59%
about
59%
you're
55%
love
55%
nobody
55%
with
50%
matter
50%
dice
50%
toss
45%
weather
45%
We're
45%
had
45%
right
45%
If
41%
say
41%
skies
41%
they
36%
tight
36%
blue
36%
will
36%
her
36%
girl
36%
hold
36%
ba
32%
could
32%
baby
32%
up
32%
should
27%
call
27%
world
27%
invest
23%
dime
23%
belong
23%
ease
23%
fine
23%
very
23%
mind
23%

Score Distribution

Percentile by Number Answered

Percent of People with Each Score

Your Score History

You have not taken this quiz